| 000 | 00826nam a22002537a 4500 | ||
|---|---|---|---|
| 003 | BD-DhJNU | ||
| 005 | 20251022054127.0 | ||
| 008 | 251022b |||||||| |||| 00| 0 eng d | ||
| 020 | _a0393972003 | ||
| 020 | _a9780393972009 | ||
| 040 |
_aBD-DhJNU _bENG _cBD-DhJNU _dBD-DhJNU |
||
| 082 |
_223 _a909.09821 LEW |
||
| 100 | _aLerner, Robert E. | ||
| 245 |
_aWestern civilizations : _btheir history and their culture / _cRobert E. Lerner, Standish Meacham and Edward McNall Burns |
||
| 260 |
_aNew York : _bNorton & Company, _c1998. |
||
| 300 |
_a xv, 667p. : _bill. ; _c23cm. |
||
| 490 | _vvol. 1 | ||
| 504 | _aIncludes bibliographical references and index | ||
| 650 | _aCivilization, western | ||
| 650 | _aEurope-Civilization | ||
| 700 | _aMeacham, Standish | ||
| 700 | _aBurns, Edward McNall | ||
| 942 |
_2ddc _cBK _n0 |
||
| 999 |
_c2304 _d2304 |
||